| 000 | 00366 a2200157 4500 | ||
|---|---|---|---|
| 001 | 62756 | ||
| 020 | _a9788853605160 | ||
| 040 | _cAnchieta - Pituba | ||
| 100 | _aSwan, Ruth | ||
| 240 | 1 | 0 |
_aThe hound of the baskervilles _lIng |
| 245 | 1 | 0 | _aThe hound of the baskervilles |
| 300 | _a79 | ||
| 362 | 0 | _a2010 | |
| 650 | 4 | _aLiteratura juvenil em inglês | |
| 942 | _cBK | ||
| 999 |
_c62756 _d62756 |
||